[Event "Canadian op"]
[Site "Kapuskasing"]
[Date "2004.07.13"]
[Round "5"]
[White "Ede, Albert"]
[Black "Tyomkin, Dimitri"]
[Result "0-1"]
[WhiteElo "1717"]
[BlackElo "2530"]
[PlyCount "38"]
[EventDate "2004.07.10"]
[EventType "swiss"]
[EventRounds "10"]
[EventCountry "CAN"]
[SourceTitle "EXT 2022"]
[Source "ChessBase"]
[SourceDate "2021.10.06"]
[SourceVersion "1"]
[SourceVersionDate "2021.10.06"]
[SourceQuality "1"]

1. e4 c5 2. Nf3 Nc6 3. d4 cxd4 4. Nxd4 Nf6 5. Nc3 d6 6. Be2 e5 7. Nb3 Be7 8. 0-0 a5 9. a4 0-0 10. Be3 Be6 11. f3 Nb4 12. Qd2 Qc7 13. Rfc1 d5 14. Nb5 Qc8 15. c3 Na6 16. exd5 Nxd5 17. Bf2 Rd8 18. Qc2 Nf4 19. Nxa5 Bf5 0-1